00431nam a2200157Ia 450000500170000000800410001702000150005805000260007310000180009924500670011726000350018430000330021944000060025252100070025852600080026520140428095311.0140130s9999 xx 000 0 und d a0439099838 aQE 862.S3b.R555 2003 aRobinson, Fay cRobinson, FayaA dinosaur named sue :bthe find of the century bScholastic,c2003.aNew York : a47 p. :bcol. ill. ;c23 cm. v1 aG4 c690